Zrušenie a zánik podnikateľských subjektov v kontexte konceptu spoločenskej zodpovednosti podniku

Životný cyklus podniku - zrušenie a zánik podniku. Teoretické východiská skúmania zrušenia a zániku podnikateľského subjektu. Analýza údajov o zániku podnikateľských subjektov. Prieskum, výsledky a diskusia. Dôsledky zrušenia a zániku podniku.

Enregistré dans:
Détails bibliographiques
Auteur principal: Hudecová, Eva
Autres auteurs: Marko, Viktor
Format: Chapitre de livre
Langue:slovaque
Sujets:
Tags: Ajouter un tag
Pas de tags, Soyez le premier à ajouter un tag!

MARC

LEADER 00000naa a2200000 4500
001 0161973
005 20231204132110.0
041 0 |a slo 
044 |a SK 
245 1 0 |a Zrušenie a zánik podnikateľských subjektov v kontexte konceptu spoločenskej zodpovednosti podniku  |c Eva Hudecová, Viktor Marko 
520 |a Životný cyklus podniku - zrušenie a zánik podniku. Teoretické východiská skúmania zrušenia a zániku podnikateľského subjektu. Analýza údajov o zániku podnikateľských subjektov. Prieskum, výsledky a diskusia. Dôsledky zrušenia a zániku podniku. 
610 2 0 |a zrušenie podniku 
610 2 0 |a cyklus podniku životný 
610 2 0 |a zodpovednosť spoločenská 
610 2 0 |a Slovensko 
100 1 |a Hudecová, Eva 
700 1 |a Marko, Viktor